书目信息 |
| 题名: |
CG设计梦工厂
|
|
| 作者: | 李伟 , 谢君 编著 | |
| 分册: | Illustrator制作篇 | |
| 出版信息: | 北京 清华大学出版社 2004.09 |
|
| 页数: | 208页, [4] 页图版 | |
| 开本: | 23cm | |
| 丛书名: | ||
| 单 册: | ||
| 中图分类: | TP391.41 | |
| 科图分类: | ||
| 主题词: | 图形软件--tu xing ruan jian--教材 | |
| 电子资源: | ||
| ISBN: | 7-302-09593-0 | |
| 000 | 00882nam0 2200253 450 | |
| 001 | 012006972775 | |
| 005 | 20060119164016.29 | |
| 010 | @a7-302-09593-0@dCNY25.00 | |
| 100 | @a20050518d2004 km y0chiy0120 ea | |
| 101 | 0 | @achi |
| 102 | @aCN@b110000 | |
| 105 | @aa z 000yy | |
| 200 | 1 | @aCG设计梦工厂@ACG she ji meng gong chang@iIllustrator制作篇@f李伟, 谢君编著@Fli wei,xie jun bian zhu |
| 210 | @a北京@c清华大学出版社@d2004.09 | |
| 215 | @a208页, [4] 页图版@c图@d23cm | |
| 330 | @a本书由CG专家企划,以全新的理念深入剖析了使用矢量图形软件Iliustrator 设计和绘制卡通漫画人物的技法。 | |
| 517 | 1 | @aIllustrator制作篇@AIllustrator zhi zuo pian |
| 606 | 0 | @a图形软件@Atu xing ruan jian@x教材 |
| 610 | 0 | @aIllustrator |
| 690 | @aTP391.41@v4 | |
| 701 | 0 | @a李伟@Ali wei@4编著 |
| 701 | 0 | @a谢君@Axie jun@4编著 |
| 801 | 0 | @aCN@bQSSK@c20060119 |
| 905 | @a10447@dTP391.41@eL283 | |
| CG设计梦工厂.Illustrator制作篇/李伟, 谢君编著.-北京:清华大学出版社,2004.09 |
| 208页, [4] 页图版:图;23cm |
| ISBN 7-302-09593-0:CNY25.00 |
| 本书由CG专家企划,以全新的理念深入剖析了使用矢量图形软件Iliustrator 设计和绘制卡通漫画人物的技法。 |
| ● |
| 相关链接 |
|
|
|
正题名:CG设计梦工厂
索取号:TP391.41/L283
 
预约/预借
| 序号 | 登录号 | 条形码 | 馆藏地/架位号 | 状态 | 备注 |
| 1 | 578972 | 205789725 | 自科库301/301自科库 66排5列5层/ [索取号:TP391.41/L283] | 在馆 | |
| 2 | 578973 | 205789734 | 自科库301/301自科库 66排5列5层/ [索取号:TP391.41/L283] | 在馆 | |
| 3 | 578974 | 205789743 | 自科二线404/404自科库 9排1列4层/ [索取号:TP391.41/L283] | 在馆 |